000 00427nam a2200145 4500
008 030114s1977 us eng
020 _a0842370048
090 0 _aBV4655
_bP12t
100 1 _aPacker, J. I.
245 1 0 _aThe ten commandments /
_cJ. I. Packer.
260 _aWheaton, Illinois :
_bTyndale,
_cc1977.
300 _a80 p.
650 4 _aTen commandments.
951 _p18211
_oBV4655/P12t
_j070613111206937
_d2000-12-21
_cGC
999 _c13986
_d13986